[Event "International Championship of Central S"]
[Site "Paracin"]
[Date "2012.07.07"]
[Round "3.1"]
[White "Vovk, Yuri"]
[Black "Indjic, Aleksandar"]
[Result "1/2-1/2"]
[WhiteElo "2584"]
[BlackElo "2451"]
[PlyCount "127"]
[EventDate "2012.??.??"]

1. e4 c5 2. Nf3 d6 3. d4 cxd4 4. Nxd4 Nf6 5. Nc3 a6 6. Be2 e5 7. Nb3 Be6 8. f4
Qc7 9. f5 Bc4 10. g4 h6 11. Be3 Nbd7 12. Rg1 d5 13. Nxd5 Nxd5 14. exd5 Bxb3 15.
axb3 Bc5 16. Rg3 Bxe3 17. Rxe3 Qd6 18. Qd2 Rc8 19. b4 Nb6 20. b3 O-O 21. c4 e4
22. h3 Rfe8 23. c5 Qe5 24. Rd1 Nd7 25. Bc4 Nf6 26. d6 Red8 27. Qd4 Qf4 28. Rd2
b6 29. Rf2 Qg5 30. Bxa6 Ra8 31. Be2 Ra2 32. Kf1 h5 33. Rg3 hxg4 34. Kg2 Rd2 35.
Qe3 gxh3+ 36. Kxh3 Qxe3 37. Rxe3 Rc2 38. cxb6 Rxd6 39. b5 Rxb6 40. Kg3 Rb8 41.
Rg2 Nd5 42. Rxe4 Nc3 43. Re3 Nxe2+ 44. Rgxe2 Rxe2 45. Rxe2 Rxb5 46. Kg4 Rxb3
47. Re8+ Kh7 48. Re7 f6 49. Ra7 Rb4+ 50. Kg3 Rb5 51. Kg4 Kh6 52. Rc7 Rb1 53.
Ra7 Rg1+ 54. Kf4 Kh5 55. Rb7 Rf1+ 56. Ke4 Kh6 57. Ra7 Rb1 58. Kf4 Rb4+ 59. Kf3
Kg5 60. Rxg7+ Kxf5 61. Ra7 Rb3+ 62. Kf2 Kg5 63. Ra4 f5 64. Rc4 1/2-1/2

[Event "International Championship of Central S"]
[Site "Paracin"]
[Date "2012.07.07"]
[Round "3.2"]
[White "Zlatanovic, Boroljub"]
[Black "Pap, Gyula"]
[Result "0-1"]
[WhiteElo "2428"]
[BlackElo "2566"]
[PlyCount "66"]
[EventDate "2012.??.??"]

1. Nc3 d5 2. e4 d4 3. Nce2 e5 4. Ng3 Be6 5. Nf3 f6 6. Bd3 Ne7 7. Nh4 Qd7 8. Qe2
Bg4 9. Qf1 Nbc6 10. Nhf5 g6 11. Nxe7 Bxe7 12. a3 O-O-O 13. Bc4 h5 14. f3 Be6
15. Bxe6 Qxe6 16. Qd3 Rhf8 17. O-O f5 18. b4 f4 19. Nh1 g5 20. Nf2 g4 21. Qe2
d3 22. Nxd3 Nd4 23. Qd1 gxf3 24. Rxf3 Nxf3+ 25. Qxf3 Qc4 26. Nf2 Qxc2 27. Qxh5
Kb8 28. Qd1 Qc4 29. Bb2 Bh4 30. Bxe5 Bxf2+ 31. Kxf2 Qxe4 32. Bc3 f3 33. gxf3
Rd3 0-1

[Event "International Championship of Central S"]
[Site "Paracin"]
[Date "2012.07.07"]
[Round "3.3"]
[White "Andrijevic, Milan"]
[Black "Damljanovic, Branko"]
[Result "0-1"]
[WhiteElo "2345"]
[BlackElo "2564"]
[PlyCount "86"]
[EventDate "2012.??.??"]

1. e4 c5 2. Nf3 d6 3. d4 cxd4 4. Nxd4 Nf6 5. Nc3 a6 6. Be2 e5 7. Nb3 Be7 8. Be3
Be6 9. Nd5 Nbd7 10. Qd3 O-O 11. O-O Bxd5 12. exd5 Ne8 13. Qd2 Qc8 14. Kh1 f5
15. f3 f4 16. Bg1 Bd8 17. c4 a5 18. Qc2 Bb6 19. Bd3 Nef6 20. Bf5 Bxg1 21. Rxg1
Qe8 22. g3 Kh8 23. Rae1 g6 24. Bxd7 Nxd7 25. Nd4 fxg3 26. Rxg3 Nc5 27. Nb5 Qd7
28. b3 Rf4 29. Re3 Raf8 30. Kg2 b6 31. h3 Nb7 32. Rg4 R4f5 33. Qe2 Nd8 34. Rg3
Nf7 35. Rc3 Rf4 36. Qe3 Qd8 37. Na7 Nh6 38. Nc6 Qc7 39. Qe1 Nf5 40. Rg4 g5 41.
Kh1 Qg7 42. Rxf4 gxf4 43. Rc2 Rg8 0-1

[Event "International Championship of Central S"]
[Site "Paracin"]
[Date "2012.07.07"]
[Round "3.6"]
[White "Lukovic, Vladimir"]
[Black "Atalik, Suat"]
[Result "1/2-1/2"]
[WhiteElo "2329"]
[BlackElo "2599"]
[PlyCount "89"]
[EventDate "2012.??.??"]

1. e4 e6 2. d4 d5 3. e5 c5 4. c3 Nc6 5. Nf3 Bd7 6. a3 f6 7. b4 fxe5 8. dxe5 Nh6
9. Bd3 Nf7 10. Qe2 g5 11. h4 gxh4 12. Bf4 c4 13. Bc2 Be7 14. g3 hxg3 15. fxg3
Qb6 16. Rxh7 Rxh7 17. Bxh7 O-O-O 18. Bg6 Nh8 19. Bh5 Be8 20. Bxe8 Rxe8 21. Qf2
Ng6 22. Qxb6 axb6 23. Nbd2 b5 24. a4 bxa4 25. Rxa4 b5 26. Ra8+ Kd7 27. Rxe8
Kxe8 28. Nb1 Kd7 29. Kd1 Bf8 30. Na3 Bg7 31. Nxb5 Ncxe5 32. Nxe5+ Nxe5 33. Bxe5
Bxe5 34. g4 Bf6 35. Nd4 e5 36. Nf5 d4 37. g5 Bxg5 38. cxd4 Ke6 39. Ng7+ Kd5 40.
dxe5 Kxe5 41. Kc2 Be7 42. b5 Kd5 43. Nf5 Kc5 44. Ne3 Kxb5 45. Nxc4 1/2-1/2

[Event "International Championship of Central S"]
[Site "Paracin"]
[Date "2012.07.07"]
[Round "3.7"]
[White "Gleizerov, Evgeny"]
[Black "Tosic, Srecko"]
[Result "1-0"]
[WhiteElo "2565"]
[BlackElo "2367"]
[PlyCount "53"]
[EventDate "2012.??.??"]

1. d4 d5 2. c4 dxc4 3. e3 e5 4. Bxc4 exd4 5. exd4 Bd6 6. Nf3 Nf6 7. Qe2+ Qe7 8.
Qxe7+ Bxe7 9. O-O O-O 10. Re1 Bd6 11. Bg5 Nbd7 12. Nc3 c6 13. Ne5 Nb6 14. Bb3
Nfd5 15. Ne4 Bb4 16. Re2 f6 17. Nd3 Be7 18. Nc3 Bd6 19. Bf4 Rd8 20. Nxd5 cxd5
21. Bxd6 Rxd6 22. Nc5 Kf8 23. Rae1 Rd8 24. Re7 Rb8 25. h4 Na8 26. h5 b6 27.
Bxd5 1-0

[Event "International Championship of Central Se"]
[Site "Paracin, hotel "]
[Date "2012.07.07"]
[Round "3.8"]
[White "Brankovic, Dejan"]
[Black "Cvitan, Ognjen"]
[Result "1/2-1/2"]
[WhiteElo "2349"]
[BlackElo "2538"]
[PlyCount "41"]
[EventDate "2012.07.06"]

1. e4 c5 2. Nf3 Nc6 3. d4 cxd4 4. Nxd4 g6 5. c4 Nf6 6. Nc3 d6 7. Be2 Nxd4 8.
Qxd4 Bg7 9. Be3 O-O 10. Qd2 Be6 11. O-O Qa5 12. Rac1 Rfc8 13. b3 a6 14. f3 b5
15. Nd5 Qxd2 16. Bxd2 Nxd5 17. cxd5 Bd4+ 18. Kh1 Bd7 19. Rxc8+ Rxc8 20. Rc1
Rxc1+ 21. Bxc1 1/2-1/2

[Event "International Championship of Central Se"]
[Site "Paracin, hotel "]
[Date "2012.07.07"]
[Round "3.9"]
[White "Doric, Nenad"]
[Black "Lajthajm, Borko"]
[Result "1/2-1/2"]
[WhiteElo "2330"]
[BlackElo "2492"]
[PlyCount "58"]
[EventDate "2012.07.06"]

1. d4 Nf6 2. Nf3 e6 3. e3 b6 4. Bd3 Bb7 5. O-O c5 6. c4 cxd4 7. exd4 Be7 8. Nc3
O-O 9. d5 Bb4 10. Ne4 Nxe4 11. Bxe4 f5 12. Bc2 exd5 13. cxd5 Ba6 14. Bd3 Bd6
15. Be3 Qf6 16. Bd4 Qf7 17. Be5 Bxd3 18. Qxd3 Bc5 19. Rfe1 Qh5 20. Bc3 a5 21.
a3 a4 22. Re2 Ra7 23. Rae1 d6 24. Re7 Rxe7 25. Rxe7 Rf7 26. Re8+ Rf8 27. Re7
Rf7 28. Re8+ Rf8 29. Re7 Rf7 1/2-1/2

[Event "International Championship of Central Se"]
[Site "Paracin, hotel "]
[Date "2012.07.07"]
[Round "3.12"]
[White "Thestrup, Sixten"]
[Black "Stojanovski, Dejan"]
[Result "0-1"]
[WhiteElo "2036"]
[BlackElo "2430"]
[PlyCount "64"]
[EventDate "2012.07.06"]

1. c4 Nf6 2. g3 c5 3. Bg2 d5 4. cxd5 Nxd5 5. Nc3 Nc7 6. d3 e5 7. Be3 Be7 8. Rc1
Nd7 9. Nf3 O-O 10. O-O b6 11. Nd2 Rb8 12. f4 Bb7 13. Nf3 exf4 14. Bxf4 Rc8 15.
Bh3 Ne6 16. Bxe6 fxe6 17. Qb3 Rf6 18. Ne4 Rg6 19. a4 Bd5 20. Qd1 c4 21. Nc3 Bb7
22. d4 Bb4 23. Qc2 Qe8 24. e4 Rf6 25. e5 Rf5 26. Ne4 Bd5 27. Nh4 Rf8 28. Ng5
Qh5 29. Ng2 Be7 30. g4 Qg6 31. Qxg6 hxg6 32. Ne3 Rxf4 0-1

[Event "International Championship of Central Se"]
[Site "Paracin, hotel "]
[Date "2012.07.07"]
[Round "3.16"]
[White "Martic, Ivan"]
[Black "Tscharotschkin, Michael"]
[Result "1-0"]
[WhiteElo "2402"]
[BlackElo "2176"]
[PlyCount "41"]
[EventDate "2012.07.06"]

1. e4 e6 2. d4 d5 3. e5 c5 4. c3 Bd7 5. Nf3 Qb6 6. Be2 cxd4 7. Nxd4 Nc6 8. Nxc6
Bxc6 9. O-O Bb5 10. c4 Bxc4 11. Bxc4 dxc4 12. Nd2 Qc6 13. Qe2 Ne7 14. Nxc4 Nd5
15. Bd2 h5 16. Rac1 Qd7 17. Bg5 g6 18. Bf6 Nxf6 19. exf6 Qd4 20. Rfd1 Qxf6 21.
Nb6 1-0

[Event "International Championship of Central Se"]
[Site "Paracin, hotel "]
[Date "2012.07.07"]
[Round "3.17"]
[White "Kovacevic, Aleksandar"]
[Black "Matsenko, Andrei"]
[Result "1/2-1/2"]
[WhiteElo "2537"]
[BlackElo "2163"]
[PlyCount "85"]
[EventDate "2012.07.06"]

1. e4 c6 2. Nc3 d5 3. Nf3 Bg4 4. h3 Bxf3 5. Qxf3 Nf6 6. g3 e6 7. Bg2 Nbd7 8. d4
Nxe4 9. Nxe4 dxe4 10. Qxe4 Be7 11. O-O O-O 12. b3 Nf6 13. Qd3 Qd7 14. Bb2 Rfd8
15. Qe2 Qc7 16. c4 Rd7 17. Rad1 Rad8 18. Bc3 c5 19. dxc5 Bxc5 20. Rxd7 Qxd7 21.
Rc1 b6 22. b4 Bd4 23. c5 bxc5 24. bxc5 Bxc3 25. Rxc3 Qd1+ 26. Qxd1 Rxd1+ 27.
Kh2 Rd7 28. Ba8 Kf8 29. c6 Rc7 30. Ra3 Nd5 31. Bb7 Nb4 32. Ra4 Nxc6 33. Bxc6
Rxc6 34. Rxa7 Rc2 35. Kg2 g5 36. a4 Ra2 37. a5 Kg7 38. g4 e5 39. a6 e4 40. Kg3
Ra3+ 41. Kg2 Ra1 42. Re7 Rxa6 43. Rxe4 1/2-1/2

[Event "International Championship of Central Se"]
[Site "Paracin, hotel "]
[Date "2012.07.07"]
[Round "3.18"]
[White "Cabarkapa, Novak"]
[Black "Ulibin, Mikhail"]
[Result "0-1"]
[WhiteElo "2254"]
[BlackElo "2531"]
[PlyCount "50"]
[EventDate "2012.07.06"]

1. e4 e6 2. d4 d5 3. Nc3 Nf6 4. e5 Nfd7 5. f4 c5 6. Nf3 Nc6 7. Be3 Be7 8. Qd2
O-O 9. Be2 b6 10. O-O f5 11. dxc5 Nxc5 12. Nd4 Nxd4 13. Bxd4 Bb7 14. b4 Ne4 15.
Nxe4 dxe4 16. a3 Rc8 17. Rac1 g5 18. g3 Kh8 19. Qe3 Rg8 20. Kh1 Qf8 21. c4 gxf4
22. gxf4 Rd8 23. Rcd1 Qh6 24. h3 Bh4 25. Rg1 Bf2 0-1

[Event "International Championship of Central Se"]
[Site "Paracin, hotel "]
[Date "2012.07.07"]
[Round "3.19"]
[White "Mladenovic, Stefan"]
[Black "Savic, Miodrag R"]
[Result "0-1"]
[WhiteElo "2236"]
[BlackElo "2517"]
[PlyCount "52"]
[EventDate "2012.07.06"]

1. d4 Nf6 2. c4 e6 3. Nf3 b6 4. g3 Bb7 5. Bg2 Bb4+ 6. Bd2 Bxd2+ 7. Qxd2 d6 8.
Nc3 Nbd7 9. O-O O-O 10. Bh3 a6 11. Rae1 Re8 12. e4 b5 13. cxb5 axb5 14. b4 d5
15. e5 Ne4 16. Qc2 Nb6 17. Ra1 Ra3 18. Nxe4 dxe4 19. Nd2 Qxd4 20. Qxc7 Bd5 21.
Rad1 Rd3 22. Qc5 Qxc5 23. bxc5 Na4 24. Nb3 Nc3 25. Rxd3 exd3 26. Nd4 h5 0-1

[Event "International Championship of Central Se"]
[Site "Paracin, hotel "]
[Date "2012.07.07"]
[Round "3.20"]
[White "Drenchev, Petar"]
[Black "Selbes, Tarik"]
[Result "0-1"]
[WhiteElo "2506"]
[BlackElo "2257"]
[Annotator "Milojevic,Boban"]
[PlyCount "39"]
[EventDate "2012.07.06"]

1. e4 e5 2. Nf3 Nc6 3. d4 exd4 4. Nxd4 Bc5 5. Nxc6 Qf6 6. Qf3 dxc6 7. Bc4 h5 8.
Nd2 Qg6 9. Qg3 Qxg3 10. hxg3 Nf6 11. f3 Ke7 12. Nb3 Bd6 13. Bf4 Bxf4 14. gxf4
g6 15. Nc5 Rb8 16. b4 Be6 17. Bxe6 fxe6 18. Ke2 Rhd8 19. Rad1 b6 20. Na4 {...
necitko} 0-1

[Event "International Championship of Central Se"]
[Site "Paracin, hotel "]
[Date "2012.07.07"]
[Round "3.21"]
[White "Desnica, Vladan"]
[Black "Bogdanovski, Vlatko"]
[Result "0-1"]
[WhiteElo "2225"]
[BlackElo "2454"]
[PlyCount "70"]
[EventDate "2012.07.06"]

1. Nf3 Nf6 2. c4 g6 3. Nc3 d5 4. cxd5 Nxd5 5. Qa4+ c6 6. Nxd5 Qxd5 7. e4 Qd8 8.
d4 Bg7 9. Be2 Bg4 10. Be3 Nd7 11. Rd1 O-O 12. O-O Qc7 13. h3 Bxf3 14. Bxf3 Rfd8
15. Qc2 Rac8 16. Be2 Nb6 17. f4 e6 18. a4 Rd7 19. a5 Na8 20. Qa4 Qd8 21. g4 Nc7
22. g5 Nb5 23. d5 exd5 24. Bg4 Re7 25. Bxc8 Qxc8 26. e5 Qxh3 27. Bc5 Qg3+ 28.
Kh1 Qh4+ 29. Kg2 Rxe5 30. Rd3 Rxg5+ 31. Kf3 Rg3+ 32. Ke2 Qg4+ 33. Kd2 Rg2+ 34.
Rf2 Bh6 35. Rdf3 Qxf3 0-1

[Event "International Championship of Central Se"]
[Site "Paracin, hotel "]
[Date "2012.07.07"]
[Round "3.22"]
[White "Maksimovic, Branimir"]
[Black "Milovanovic, Srboljub"]
[Result "1-0"]
[WhiteElo "2452"]
[BlackElo "2217"]
[PlyCount "70"]
[EventDate "2012.07.06"]

1. d4 Nf6 2. c4 e6 3. Nc3 Bb4 4. a3 Bxc3+ 5. bxc3 c5 6. e3 O-O 7. Bd3 d6 8. e4
e5 9. Ne2 Nc6 10. d5 Na5 11. Ng3 b6 12. Ra2 Ba6 13. Qe2 Qd7 14. Nf5 g6 15. Nh6+
Kg7 16. a4 Bc8 17. h3 Ng8 18. Nxg8 Rxg8 19. f4 f6 20. O-O Ba6 21. Rf3 Raf8 22.
Qf1 Rf7 23. Raf2 Rgf8 24. Be3 h5 25. Rg3 Rg8 26. Qe2 Kf8 27. Rgf3 Kg7 28. Qa2
Rgf8 29. Kh2 Bc8 30. Rf1 Qe7 31. Bc1 exf4 32. Bxf4 Rh8 33. Qf2 Rhf8 34. Qg3 h4
35. Qxh4 Ba6 1-0

[Event "International Championship of Central Se"]
[Site "Paracin, hotel "]
[Date "2012.07.07"]
[Round "3.24"]
[White "Nestorovic, Lazar"]
[Black "Jovanovic, Aleksandar D"]
[Result "1-0"]
[WhiteElo "2381"]
[BlackElo "2200"]
[PlyCount "113"]
[EventDate "2012.07.06"]

1. e4 e5 2. Nf3 Nc6 3. Bb5 f5 4. d3 Nf6 5. Nc3 Bb4 6. O-O Bxc3 7. bxc3 fxe4 8.
dxe4 d6 9. Qd3 O-O 10. Qc4+ Kh8 11. Bxc6 bxc6 12. Qxc6 Bd7 13. Qc4 Qe8 14. Re1
Rc8 15. Nd2 Bb5 16. Qb3 Rb8 17. c4 Bc6 18. Qd3 Qg6 19. f3 Nd7 20. Nf1 Nc5 21.
Qe2 Ne6 22. c3 Rf6 23. Ng3 Rbf8 24. Nf5 Qe8 25. Be3 a6 26. Rad1 g6 27. Ng3 Nf4
28. Bxf4 exf4 29. Nf1 g5 30. c5 dxc5 31. Qxa6 Ba4 32. Qc4 Bxd1 33. Rxd1 Rd6 34.
Rd5 Rxd5 35. Qxd5 Qe7 36. a4 h6 37. a5 Qd6 38. Qc4 Kg7 39. Qe2 Ra8 40. e5 Qe6
41. Nd2 Rxa5 42. h3 Ra2 43. Qd3 h5 44. Qd8 Qxe5 45. Qd7+ Kg6 46. Ne4 Ra6 47.
Qc8 Rb6 48. Qg8+ Kh6 49. Qf8+ Qg7 50. Qf5 Rg6 51. Kh1 Qe7 52. Kg1 Kg7 53. Kh1
c4 54. Kg1 Kh6 55. Kh1 Rg8 56. Qd5 g4 57. Qxg8 1-0

[Event "International Championship of Central Se"]
[Site "Paracin, hotel "]
[Date "2012.07.07"]
[Round "3.25"]
[White "Pantelic, Sasa"]
[Black "Chandra, Akshat"]
[Result "0-1"]
[WhiteElo "2362"]
[BlackElo "2179"]
[PlyCount "76"]
[EventDate "2012.07.06"]

1. d4 Nf6 2. c4 g6 3. Nc3 d5 4. Bg5 Ne4 5. Bh4 Nxc3 6. bxc3 Bg7 7. e3 c5 8. Nf3
Nc6 9. cxd5 Qxd5 10. Be2 O-O 11. O-O cxd4 12. cxd4 b6 13. Nd2 Bb7 14. Bf3 Qd7
15. Rc1 Rfd8 16. Nc4 Rac8 17. Re1 b5 18. Nd2 Na5 19. Ne4 Rxc1 20. Qxc1 Bxe4 21.
Bxe4 Nc4 22. Bd3 Rc8 23. Be2 e6 24. Qb1 Na3 25. Qb2 b4 26. Rc1 a5 27. Bg3 h5
28. Kh1 Bf6 29. h3 Rxc1+ 30. Qxc1 Qd5 31. Qb2 Nb5 32. Qb3 Nc3 33. Bc7 Qb7 34.
Bxa5 Nxe2 35. Qxb4 Qa6 36. Qb6 Ng3+ 37. Kg1 Qf1+ 38. Kh2 Ne2 0-1

[Event "International Championship of Central Se"]
[Site "Paracin, hotel "]
[Date "2012.07.07"]
[Round "3.26"]
[White "Ratkovic, Miloje"]
[Black "Martic, Zlatko"]
[Result "1/2-1/2"]
[WhiteElo "2176"]
[BlackElo "2356"]
[PlyCount "84"]
[EventDate "2012.07.06"]

1. d4 Nf6 2. Nf3 g6 3. e3 Bg7 4. b3 O-O 5. Bb2 d6 6. Be2 c5 7. O-O cxd4 8. Nxd4
Nc6 9. c4 Bd7 10. Nd2 a6 11. N2f3 Qa5 12. a3 Rfc8 13. b4 Qd8 14. Rc1 a5 15. b5
Nb8 16. Nd2 e5 17. N4f3 Be6 18. c5 Rxc5 19. Rxc5 dxc5 20. Nxe5 Nbd7 21. Ndc4
Bf8 22. Qc1 Nxe5 23. Nxe5 Qe7 24. Bf3 Bg7 25. Qa1 Ne8 26. Rc1 Rc8 27. Ng4 Bxg4
28. Bxg4 Rd8 29. Bxg7 Nxg7 30. b6 h5 31. Bf3 Rd6 32. Rxc5 Rxb6 33. Rxa5 Qf6 34.
Qd1 Ne6 35. h3 Rb2 36. Ra8+ Kh7 37. Qd3 Ng5 38. Qd4 Nxf3+ 39. gxf3 Qg5+ 40. Kf1
Rb1+ 41. Ke2 Qb5+ 42. Kd2 Rb2+ 1/2-1/2

[Event "International Championship of Central Se"]
[Site "Paracin, hotel "]
[Date "2012.07.07"]
[Round "3.27"]
[White "Marjanovic, Dejan"]
[Black "Irizanin, Radoje"]
[Result "0-1"]
[WhiteElo "2169"]
[BlackElo "2344"]
[PlyCount "114"]
[EventDate "2012.07.06"]

1. e4 d5 2. exd5 Nf6 3. d4 Nxd5 4. c4 Nb6 5. Nc3 g6 6. h3 Bg7 7. Nf3 O-O 8. Be2
Nc6 9. Be3 e5 10. d5 Ne7 11. g4 f5 12. Ng5 h6 13. Ne6 Bxe6 14. dxe6 c6 15. Bc5
Re8 16. a4 Qxd1+ 17. Rxd1 e4 18. Rd7 Nxd7 19. exd7 Red8 20. Bxe7 Rxd7 21. Bc5
Bxc3+ 22. bxc3 f4 23. Bd4 f3 24. Bd1 Rad8 25. c5 Rxd4 26. cxd4 Rxd4 27. O-O Kg7
28. Kh2 Kf6 29. Kg3 g5 30. Re1 Rc4 31. Bb3 Rb4 32. Bd1 Rb1 33. h4 Rc1 34. hxg5+
hxg5 35. Rxe4 Rxd1 36. Rb4 Rd7 37. Kxf3 Ke5 38. Ke3 Rf7 39. f4+ gxf4+ 40. Kf3
Rh7 41. Rxf4 Rh3+ 42. Kg2 Kxf4 43. Kxh3 b6 44. cxb6 axb6 45. Kh4 c5 46. g5 Kf5
47. g6 Kxg6 48. Kg4 Kf6 49. Kf4 Ke6 50. Ke4 Kd6 51. Kd3 Kd5 52. Kc3 c4 53. Kb4
Kd4 54. Kb5 c3 55. Kxb6 c2 56. a5 c1=Q 57. Kb7 Qb2+ 0-1

[Event "International Championship of Central Se"]
[Site "Paracin, hotel "]
[Date "2012.07.07"]
[Round "3.29"]
[White "Kholopov, Alexander A"]
[Black "Miladinovic, Lena"]
[Result "1-0"]
[WhiteElo "2289"]
[BlackElo "2078"]
[PlyCount "57"]
[EventDate "2012.07.06"]

1. d4 Nf6 2. c4 e6 3. Nc3 Bb4 4. Qc2 Nc6 5. Nf3 d6 6. Bd2 e5 7. a3 Bxc3 8. Bxc3
e4 9. d5 exf3 10. dxc6 bxc6 11. gxf3 O-O 12. O-O-O c5 13. Rg1 Kh8 14. e3 Be6
15. Bd3 h6 16. Qe2 Rg8 17. f4 Rb8 18. Qf3 Bd7 19. Rg3 Rb3 20. Kd2 c6 21. Kc2
Rxc3+ 22. Kxc3 d5 23. Kc2 Qa5 24. f5 Qa4+ 25. Kc1 Rb8 26. Qf4 Qb3 27. Qe5 dxc4
28. Bc2 Qb5 29. Rxd7 1-0

[Event "International Championship of Central Se"]
[Site "Paracin, hotel "]
[Date "2012.07.07"]
[Round "3.30"]
[White "Ristovich, Dmitar S"]
[Black "Popovic, Aleksandar M"]
[Result "0-1"]
[WhiteElo "1916"]
[BlackElo "2288"]
[PlyCount "62"]
[EventDate "2012.07.06"]

1. d4 g6 2. c4 Bg7 3. e4 d6 4. Nc3 Nf6 5. h3 O-O 6. Bg5 c6 7. Nf3 Qa5 8. Bd2
Qc7 9. Bd3 e5 10. d5 a5 11. a3 Na6 12. O-O Nc5 13. Bc2 a4 14. Be3 cxd5 15. cxd5
Bd7 16. Nd2 b5 17. Qe2 Rab8 18. Na2 Nh5 19. Nb4 Nf4 20. Qd1 Rfc8 21. Nf3 Na6
22. Nxa6 Qxc2 23. Nb4 Qxe4 24. Re1 Qf5 25. Kh1 Nxg2 26. Kxg2 Qxh3+ 27. Kg1 Rc4
28. Nh2 Rh4 29. f3 Qg3+ 30. Kf1 Rxh2 31. Nd3 Qg2# 0-1

[Event "International Championship of Central Se"]
[Site "Paracin, hotel "]
[Date "2012.07.07"]
[Round "3.31"]
[White "Livaja, Mario"]
[Black "Jandric, Damjan"]
[Result "1/2-1/2"]
[WhiteElo "2277"]
[BlackElo "2010"]
[PlyCount "120"]
[EventDate "2012.07.06"]

1. e4 c5 2. Nf3 d6 3. c3 Nf6 4. Bd3 Bg4 5. O-O g6 6. h3 Bxf3 7. Qxf3 Bg7 8. Bc2
Nc6 9. d3 O-O 10. Be3 Qb6 11. Bb3 a5 12. Nd2 a4 13. Nc4 Qa6 14. Bc2 b5 15. Nd2
b4 16. c4 Ne8 17. Rab1 Nc7 18. Qd1 Ne6 19. b3 a3 20. Nf3 Ned4 21. Nxd4 Bxd4 22.
Bh6 Bg7 23. Be3 Qc8 24. Qd2 f5 25. Bd1 Bc3 26. Qc1 Ra7 27. Kh1 e6 28. Bf3 Ne5
29. Be2 Raf7 30. f4 Nc6 31. Bf3 Nd4 32. Bxd4 Bxd4 33. exf5 gxf5 34. Qe1 Kh8 35.
Qh4 Bf6 36. Qh5 Rg7 37. g4 Bd4 38. Rbe1 e5 39. fxe5 Bxe5 40. Bg2 fxg4 41. Rxf8+
Qxf8 42. Rf1 Qe7 43. hxg4 Rg5 44. Qh3 Rg6 45. Be4 Rf6 46. Rxf6 Bxf6 47. Kg2 Be5
48. Qh5 Kg8 49. g5 Bf4 50. Kf3 Bxg5 51. Bxh7+ Kf8 52. Kg4 Bf6 53. Be4 Be5 54.
Bf5 Qg7+ 55. Bg6 Qf6 56. Qh6+ Qg7 57. Qg5 Qf6 58. Qh6+ Qg7 59. Qh5 Qf6 60. Bf5
Qg7+ 1/2-1/2

[Event "International Championship of Central Se"]
[Site "Paracin, hotel "]
[Date "2012.07.07"]
[Round "3.33"]
[White "Del Rio De Angelis, Salvador G"]
[Black "Jovanovic, Bojan P"]
[Result "1-0"]
[WhiteElo "2547"]
[BlackElo "2185"]
[PlyCount "63"]
[EventDate "2012.07.06"]

1. d4 d5 2. c4 c6 3. Nf3 Nf6 4. Nc3 dxc4 5. a4 Na6 6. e3 Bg4 7. Bxc4 e6 8. O-O
Nb4 9. h3 Bh5 10. Qe2 Be7 11. Rd1 O-O 12. e4 Bxf3 13. Qxf3 a5 14. e5 Nfd5 15.
Ne4 Nc2 16. Rb1 Qb6 17. Qg4 Kh8 18. Ng5 Bxg5 19. Bxg5 Ncb4 20. Re1 Nc2 21. Red1
Ncb4 22. Qh5 Rae8 23. Rd2 Ne7 24. Qh4 Nf5 25. Qe4 h6 26. g4 Nd6 27. exd6 hxg5
28. h4 Qd8 29. d7 Qxd7 30. hxg5 Qe7 31. f4 g6 32. Qh1+ 1-0

[Event "International Championship of Central Se"]
[Site "Paracin, hotel "]
[Date "2012.07.07"]
[Round "3.34"]
[White "Abramovic, Bosko"]
[Black "Zajic, Milan"]
[Result "1/2-1/2"]
[WhiteElo "2470"]
[BlackElo "2151"]
[PlyCount "110"]
[EventDate "2012.07.06"]

1. d4 d5 2. c4 c6 3. e3 Nf6 4. Nc3 Bg4 5. Qb3 Qb6 6. h3 Bf5 7. Nf3 e6 8. Be2
Nbd7 9. Qd1 h6 10. O-O Be7 11. Bd3 Bxd3 12. Qxd3 O-O 13. e4 dxe4 14. Nxe4 Nxe4
15. Qxe4 Nf6 16. Qe2 Qc7 17. Be3 Rad8 18. Rad1 Rfe8 19. Rd3 c5 20. b3 Bf8 21.
Rfd1 Qa5 22. dxc5 Rxd3 23. Rxd3 Bxc5 24. Bxc5 Qxc5 25. Qe5 Qxe5 26. Nxe5 Kf8
27. f3 Ke7 28. Kf2 Rc8 29. Ke3 Rc7 30. f4 g5 31. g3 Nh5 32. Kf3 f6 33. Ng4 gxf4
34. gxf4 Rc5 35. Ne3 f5 36. Rd1 Rc8 37. Rg1 Rd8 38. Rg6 Kf7 39. Rxh6 Nf6 40. c5
Kg7 41. Rh4 Rd2 42. Nc4 Rd5 43. Ke3 Rxc5 44. Nd2 Rc3+ 45. Kd4 Rc2 46. Nf3 Rxa2
47. Ng5 Ra6 48. b4 Rb6 49. b5 Rxb5 50. Nxe6+ Kf7 51. Ng5+ Kg8 52. Ne6 Rd5+ 53.
Kc4 Kf7 54. Nd4 Kg7 55. Ne6+ Kf7 1/2-1/2

[Event "International Championship of Central Se"]
[Site "Paracin, hotel "]
[Date "2012.07.07"]
[Round "3.35"]
[White "Hadzi - Manev, Ljubomir"]
[Black "Battey, Alexander"]
[Result "0-1"]
[WhiteElo "2089"]
[BlackElo "2396"]
[PlyCount "54"]
[EventDate "2012.07.06"]

1. b3 d5 2. Bb2 Bg4 3. f3 Bf5 4. e3 c6 5. Ne2 Nd7 6. g4 Bg6 7. Ng3 e5 8. Nc3
Qa5 9. a3 f6 10. Bg2 Bd6 11. O-O Ne7 12. Nce2 Bf7 13. f4 g6 14. e4 d4 15. fxe5
fxe5 16. c4 c5 17. d3 Be6 18. g5 O-O-O 19. b4 Qc7 20. Qd2 Rdf8 21. Rxf8+ Rxf8
22. Rf1 Rxf1+ 23. Nxf1 a6 24. bxc5 Nxc5 25. Nc1 Na4 26. Nb3 b5 27. cxb5 Bxb3
0-1

[Event "International Championship of Central Se"]
[Site "Paracin, hotel "]
[Date "2012.07.07"]
[Round "3.36"]
[White "Vucinic, Gojko"]
[Black "Ratkovic, Milovan"]
[Result "1/2-1/2"]
[WhiteElo "2150"]
[BlackElo "2214"]
[PlyCount "49"]
[EventDate "2012.07.06"]

1. e4 c6 2. d4 d5 3. Nc3 dxe4 4. Nxe4 Nf6 5. Nxf6+ gxf6 6. c3 Bf5 7. Nf3 e6 8.
Bc4 Bd6 9. Qe2 Nd7 10. Nh4 Bg6 11. f4 f5 12. g3 Be7 13. Nxg6 hxg6 14. Bd2 Qb6
15. O-O-O O-O-O 16. h4 Nf6 17. Be3 Qa5 18. Kb1 Kb8 19. Bd3 Ka8 20. c4 c5 21.
Bc2 Qb6 22. d5 exd5 23. cxd5 Nxd5 24. Bb3 Qe6 25. Qd3 1/2-1/2

[Event "International Championship of Central Se"]
[Site "Paracin, hotel "]
[Date "2012.07.07"]
[Round "3.37"]
[White "Rubil, Marko"]
[Black "Bejatovic, Bojana"]
[Result "1-0"]
[WhiteElo "2205"]
[BlackElo "1941"]
[PlyCount "67"]
[EventDate "2012.07.06"]

1. e4 c5 2. Nf3 e6 3. d4 cxd4 4. Nxd4 Nf6 5. Nc3 d6 6. g4 h6 7. h4 Nc6 8. Rg1
Qb6 9. Ndb5 d5 10. exd5 Nxd5 11. Nxd5 exd5 12. Bf4 Be6 13. Nc7+ Kd7 14. Nxa8
Qb4+ 15. Bd2 Qe4+ 16. Qe2 Qxe2+ 17. Bxe2 Nd4 18. Bd1 Be7 19. Bc3 Nc6 20. Bf3
Rxa8 21. Rd1 Bxh4 22. Bxd5 f6 23. Ke2 Re8 24. Bxe6+ Kxe6 25. f4 a6 26. Kf3 f5
27. Bxg7 fxg4+ 28. Rxg4 Be7 29. Bxh6 Kf7 30. Rd7 b6 31. Rg2 Ke6 32. Rd1 Rh8 33.
Rg6+ Bf6 34. Bg5 1-0

[Event "International Championship of Central Se"]
[Site "Paracin, hotel "]
[Date "2012.07.07"]
[Round "3.38"]
[White "Banovic, Ivan"]
[Black "Radovanovic, Nikola"]
[Result "1/2-1/2"]
[WhiteElo "2072"]
[BlackElo "2191"]
[PlyCount "57"]
[EventDate "2012.07.06"]

1. d4 Nf6 2. c4 g6 3. Nc3 d5 4. cxd5 Nxd5 5. Na4 Bg7 6. e4 Nf6 7. e5 Nd5 8. Bd3
O-O 9. Ne2 b6 10. O-O e6 11. Kh1 Bb7 12. Ng3 Qh4 13. f4 Nc6 14. Be4 Rad8 15.
Nc3 Nce7 16. Qf3 c5 17. dxc5 bxc5 18. Be3 Rc8 19. Rfc1 Bh6 20. Nge2 Nf5 21.
Nxd5 Bxd5 22. Bxd5 Nxe3 23. Qxe3 exd5 24. Rxc5 Bxf4 25. Nxf4 Rxc5 26. Qxc5 Qxf4
27. Qxd5 Qe3 28. Qa5 Rc8 29. h3 1/2-1/2